Effect of weed control methods on ir66 rice variety under dry season condition in osaray commune, tram kok district, takeo province (Record no. 1682)

000 -LEADER
fixed length control field 00494nam a22001577a 4500
003 - CONTROL NUMBER IDENTIFIER
control field OSt
005 - DATE AND TIME OF LATEST TRANSACTION
control field 20151002150237.0
008 - FIXED-LENGTH DATA ELEMENTS--GENERAL INFORMATION
fixed length control field 151002b xxu||||| |||| 00| 0 eng d
040 ## - CATALOGING SOURCE
Transcribing agency RUA
082 ## - DEWEY DECIMAL CLASSIFICATION NUMBER
Classification number AGR LAY 2012 B050 Or.1
100 ## - MAIN ENTRY--PERSONAL NAME
9 (RLIN) 1781
Personal name LAT, SOPEARY
245 ## - TITLE STATEMENT
Title Effect of weed control methods on ir66 rice variety under dry season condition in osaray commune, tram kok district, takeo province
260 ## - PUBLICATION, DISTRIBUTION, ETC. (IMPRINT)
Place of publication, distribution, etc. Phnom Penh
Name of publisher, distributor, etc. RUA
Date of publication, distribution, etc. 2012
300 ## - PHYSICAL DESCRIPTION
Extent xi; 56p.
Other physical details ill.
Dimensions 29cm.
942 ## - ADDED ENTRY ELEMENTS (KOHA)
Source of classification or shelving scheme
Koha item type AGR
Holdings
Price effective from Date last seen Permanent Location Not for loan Date acquired Source of classification or shelving scheme Koha item type Barcode Lost status Damaged status Shelving location Withdrawn status Current Location Full call number
2015-10-022015-10-02Library Block B 2015-10-02 AGRRUA001015  B050 Library Block BAGR LAY 2012 B050 Or.1
មជ្ឈមណ្ឌលឯការនៃសាកលវិទ្យាល័យភូមិន្ទកសិកម្មចំការដូង

Powered by Koha